| 000 | 00889nam a22002417a 4500 | ||
|---|---|---|---|
| 999 |
_c22462 _d22462 |
||
| 003 | AR-CdUCM | ||
| 008 | 190319b ||||| |||| 00| 0 spa d | ||
| 020 | _a9786124256165 | ||
| 040 |
_aMUNICIPALIDAD PROVINCIAL DEL CUSCO _cBIBLIOTECA MUNICIPAL DEL CUSCO |
||
| 082 |
_a509/B97 _bB97 |
||
| 100 |
_aButterfield, Herbert _948253 |
||
| 245 |
_aLos orígenes de la ciencia moderna, 1300-1800 / _cHerbert Butterfield ; prólogo de José Manuel Sánchez Ron ; traducción de Luis de Castro |
||
| 260 |
_aLima : _bTaurus, _bQuad Graphics Perú, _c2020. |
||
| 300 |
_a308 páginas. : _c24x18 cm. |
||
| 500 | _zÍndice onomástico: páginas [303]-308. | ||
| 650 |
_aCiencia _92098 |
||
| 650 |
_aFilosofía _9395 |
||
| 650 |
_aHistoria _948254 |
||
| 700 |
_aSánchez Ron, José Manuel _eprologuista _948255 |
||
| 700 |
_aCastro, Luis de _etraductor _948256 |
||
| 942 |
_2ddc _cLIBROS |
||
| 945 | _arac | ||